Los viejos cafés de Madrid /

Salvato in:
Dettagli Bibliografici
Autore principale: Río, Angel del (autor)
Natura: Libro
Lingua:spagnolo
Pubblicazione: Madrid, España : La Librería, 2009, c2009
Edizione:2a edición
Soggetti:
Tags: Aggiungi Tag
Nessun Tag, puoi essere il primo ad aggiungerne!!

MARC

LEADER 00000nam^a2200000^a^4500
001 000451096
005 20250521000000.0
008 221118
009 20260526145425.311
020 |a 978-84-95889-46-1 
037 |a Acervo ITESO - Biblioteca 
041 |a ESP 
082 |a 641. 5094641  |b RIO 
100 |a Río, Angel del  |e (autor) 
245 1 4 |a Los viejos cafés de Madrid /  |c A. del Río. 
250 |a 2a edición 
264 4 |a Madrid, España :  |b La Librería,  |c 2009, c2009 
300 |a 252 p. 
336 |a texto  |b txt  |2 rdacontenido 
337 |a sin mediación  |b n  |2 rdamedio 
338 |a volumen  |b nc  |2 rdasoporte 
649 |a XX 
650 |a Café -  |z Madrid, España 
650 |a Café -  |z España 
650 |a Cafeterías y Restaurantes -  |z Madrid, España -  |x Tema Principal 
650 |a Cafeterías y Restaurantes -  |z España 
650 |a Tertulias Literarias -  |z Madrid, España 
650 |a Tertulias Literarias -  |z España 
650 |a Ocio y Tiempo Libre -  |z Madrid, España 
650 |a Ocio y Tiempo Libre -  |z España 
650 |a Prácticas Culturales -  |z Madrid, España 
650 |a Prácticas Culturales -  |z España 
650 |a Crónicas Españolas 
650 |a Literatura Española -  |y Siglo XXI 
650 |a Madrid, España -  |x Descripción 
650 |a Madrid, España -  |x Historia 
910 |a Fondo General 
920 |a Impresos - Libros 
930 |a Reserva Especial 
905 |a 103 
901 |a 0500383857  |b IT1  |c REE  |i c158115  |u 20250521 
902 |a https://opac.biblio.iteso.mx/vufind/Record/000451096